|
|
|
|
| LEADER |
01343nam a22004095i 4500 |
| 001 |
978-1-56898-651-7 |
| 003 |
DE-He213 |
| 005 |
20151204162300.0 |
| 007 |
cr nn 008mamaa |
| 008 |
100301s2005 xxu| s |||| 0|eng d |
| 020 |
|
|
|a 9781568986517
|9 978-1-56898-651-7
|
| 024 |
7 |
|
|a 10.1007/1-56898-651-3
|2 doi
|
| 040 |
|
|
|d GrThAP
|
| 050 |
|
4 |
|a NC845-915
|
| 072 |
|
7 |
|a AKC
|2 bicssc
|
| 072 |
|
7 |
|a ARC004000
|2 bisacsh
|
| 072 |
|
7 |
|a COM012000
|2 bisacsh
|
| 082 |
0 |
4 |
|a 741.6
|2 23
|
| 100 |
1 |
|
|a Scher, Paula.
|e author.
|
| 245 |
1 |
0 |
|a Make It Bigger
|h [electronic resource] /
|c by Paula Scher.
|
| 264 |
|
1 |
|a New York, NY :
|b Princeton Archit.Press,
|c 2005.
|
| 300 |
|
|
|a 300 illus. in color.
|b online resource.
|
| 336 |
|
|
|a text
|b txt
|2 rdacontent
|
| 337 |
|
|
|a computer
|b c
|2 rdamedia
|
| 338 |
|
|
|a online resource
|b cr
|2 rdacarrier
|
| 347 |
|
|
|a text file
|b PDF
|2 rda
|
| 505 |
0 |
|
|a Corporate Politics 101 -- Style Wars -- In the Company of Men.
|
| 650 |
|
0 |
|a Architecture.
|
| 650 |
|
0 |
|a Graphic design.
|
| 650 |
1 |
4 |
|a Architecture / Design.
|
| 650 |
2 |
4 |
|a Graphic Design.
|
| 710 |
2 |
|
|a SpringerLink (Online service)
|
| 773 |
0 |
|
|t Springer eBooks
|
| 776 |
0 |
8 |
|i Printed edition:
|z 9781568985480
|
| 856 |
4 |
0 |
|u http://dx.doi.org/10.1007/1-56898-651-3
|z Full Text via HEAL-Link
|
| 912 |
|
|
|a ZDB-2-ADE
|
| 950 |
|
|
|a Architecture and Design (Springer-11641)
|